000 00617nam a2200241 a 4500
001 0001-1088
003 ELIB.Books
008 150115 2010 eng
020 _a0896934322
035 _a(ELIB.Books)0001-1243
092 _a301.412
_bBre
100 _aBrestin, Dee.
245 _aThe Friendships of Women
260 _aCanada
_bVictor Books
_c1988
300 _a180
_c21.2 Cm
500 _aC/o Moe Lwai
650 _aSocial/ Friendship
856 _nKBTS; Library
_uKBTS; Elib.
942 _2ddc
_cBK
990 _a1
998 _cbat
_e2015-01-15
_mcat
_u2020-07-20
999 _c11088
_d11088